000 00973nab a2200205 i 4500
001 768714001
003 CO-MdFUSB
005 20260316102458.0
008 230427s1997 -us||||| |||| 00| 0 eng d
040 _beng
_aCO-MdFUSB
_cCO-MdFUSB
_dCO-MdFUSB
041 _aeng
100 1 _aKeller, Timothy,
_d1950-
_eautor
245 _aPreaching hell in a tolerant age :
_bbrimstone for the broad-minded
_c/ Timothy Keller
300 _aVolumen 18, número 4 (Fall 1997), páginas 42 - 48 ;
_c27 cm
520 _aEl hombre moderno, especialmente, rechaza la idea de un juicio final y el Infierno. Por lo cual, es una tentación evitar predicar estos tópicos en las predicaciones hoy en día. ¿Cómo, entonces, se puede enseñar el Infierno en una edad de tolerancia?
650 7 _9213
_aEscatología
773 0 _068780
_981930
_oR2460
_tLeadership :
_w(CO-MdFUSB)768714001
_gVolumen 18, número 4 (Fall 1997), páginas 42 - 48 ;
_qpágina 42
942 _cANA
945 _aJTF-925
999 _c68783
_d68783